|
|
|
|
| LEADER |
00926nam a2200277 4500 |
| 001 |
DLU110119097 |
| 005 |
##20110328 |
| 040 |
# |
# |
|a DLU
|b vie
|
| 041 |
# |
# |
|a vie
|
| 044 |
# |
# |
|a vn
|
| 100 |
# |
# |
|a Nguyễn Thị Minh Nhàn,
|c ThS.
|
| 245 |
# |
# |
|a Một số trao đổi về việc đăng ký và khai thác quyền sở hữu nhãn hiệu hàng hoá tại các doanh nghiệp Việt Nam hiện nay /
|c Nguyễn Thị Minh Nhàn, Mai Thanh Lan.
|
| 653 |
# |
# |
|a Nhãn hiệu
|
| 653 |
# |
# |
|a Sở hữu trí tuệ
|
| 653 |
# |
# |
|a Thương hiệu
|
| 700 |
# |
# |
|a Mai Thanh Lan,
|c ThS.
|
| 773 |
# |
# |
|t Khoa học thương mại
|g Số 22, 2008, tr. 46-51
|
| 920 |
# |
# |
|a Phòng Tạp chí -- Trung tâm Thông tin - Thư viện Trường Đại học Đà Lạt
|
| 994 |
# |
# |
|a DLU
|
| 900 |
# |
# |
|a True
|
| 911 |
# |
# |
|a Nguyễn Thị Linh Chi
|
| 925 |
# |
# |
|a G
|
| 926 |
# |
# |
|a A
|
| 927 |
# |
# |
|a BB
|
| 980 |
# |
# |
|a Thư viện Trường Đại học Đà Lạt
|